000
00305nam a22001217a 4500
008
180814b xxu||||| |||| 00| 0 eng d
041
_a
eng
080
_2
2 ED
_a
616.053.2
100
_a
8
101
_a
PED
245
_a
THE PEDIATRIC ECHOCARDIOGRAPHERS POSKET REFERENCE
_c
REYNOLDS.T
942
_2
udc
_c
BK
999
_c
47158
_d
47158